Analýza výkonnosti metropolitnej optickej siete

Enregistré dans:
Détails bibliographiques
Auteur principal: Pobielsky, Oto (Auteur)
Autres auteurs: Kotuliak, Ivan (Directeur de thèse)
Format: Manuscrit Livre
Langue:slovaque
Publié: Bratislava : STU v Bratislave FEI, 2007
Sujets:
Tags: Ajouter un tag
Pas de tags, Soyez le premier à ajouter un tag!

MARC

LEADER 00000ntm a22000003a 4500
001 stu144807
005 20160719165033.5
008 070905s2007------------------------slo-d
040 |a STU  |b slo 
041 0 |a slo 
100 1 |a Pobielsky, Oto  |4 aut 
245 1 |a Analýza výkonnosti metropolitnej optickej siete 
260 |a Bratislava :  |b STU v Bratislave FEI,  |c 2007 
300 |a 48 s 
650 7 |a optické siete  |2 stusub 
650 7 |a Telekomunikácie  |2 stusub 
700 1 |a Kotuliak, Ivan  |4 ths  |u E240  |U FEI Fakulta elektrotechniky a informatiky  |T FEI Katedra telekomunikácií  |X 1883  |U E240  |Y 72  |7 1883